000 00665nam a2200217Ia 4500
001 10677
003 GE_BSU
008 181216s||||||||xx |||||||||||||| ||und||
040 _cGE_BSU
080 _a821.353.1-31
100 _aფაღავა,იუსუფ
245 _aჩაუმქრალი კერა.
245 _bრომანი.
245 _cრედ.ნ.ნოღაიდელი;მხატვ.დ.ინაიშვილი.
260 _aბათუმი.
260 _bსახელგამი.
260 _c1959.
300 _a264გვ;20სმ.
653 _aჩაუმქრალი კერა.
942 _cBK
999 _c43928
_d43928